000 01717nam a2200229Ia 4500
008 260220t1994||||xx |||||||||||||| ||spa||
040 _aPY-SlUNAC
_bspa
_erda
041 _aspa
082 _a581
_bC76s
245 0 _aVI Congreso Latinoamericano de Botánica :
_blibro de resumes sesiones técnicas
264 _aMar del Plata :
_bServicios Gráficos,
_c℗1994.
300 _a1 volumen
520 _aEl VI Congreso Latinoamericano de Botánica, celebrado en Mar del Plata en 1994, reunió a destacados investigadores y profesionales del ámbito botánico para intercambiar conocimientos y avances en la materia. El libro de resúmenes de las sesiones técnicas compila una variedad de estudios y presentaciones que abordan temas fundamentales como la biodiversidad, la ecología, la taxonomía y la conservación de las plantas en América Latina. Este compendio no solo refleja el estado actual de la investigación botánica en la región, sino que también destaca la importancia de la colaboración entre científicos para enfrentar los desafíos ambientales y promover el uso sostenible de los recursos vegetales. A través de las contribuciones presentadas, se evidencia la riqueza de la flora latinoamericana y la necesidad de implementar estrategias efectivas para su protección y estudio. El libro se convierte así en una valiosa fuente de referencia para académicos, estudiantes y profesionales interesados en la botánica y la conservación ambiental.
653 _aBotánica
653 _aCongresos
653 _aResúmenes
942 _b2026/02/17
_cBK
999 _c8217
_d8217